00733 2200253 4500001002100000005001700021008004100038020001800079035002400097040001200121082002000133084002000153090002000173100002600193245009000219260003600309300005000345650001000395700001100405850001200416990001700428990001700445990001700462INLIS00000000000061020141030092802.0  a979-89383-6-3 0010-101400000000505 aYOPDYOG aCoE 392.4 Har T aCoE 392.4 Har T aCoE 392.4 Har T aHARIWIJAYA, M., 1976- aTabir mistik cinta :bSyair-syair cinta Jawa klasikc/ M. Hariwijaya ; editor, Danuri aYogyakartabBuana Pustakac2005 axi, 160 hlm. ; 19 cm [3 eks.]c19 cm [3 eks.] aCinta aDanuri aYOPDYOG a3042-PD/B.14 a3043-PD/B.14 a3044-PD/B.14